| 000 | 00780nam a22002657a 4500 | ||
|---|---|---|---|
| 003 | 0 | ||
| 005 | 20180711124509.0 | ||
| 008 | 0 | ||
| 010 | _aB-216367 | ||
| 020 |
_c00.00 _a8176487031 |
||
| 035 | _aB-216367, B-216368 | ||
| 037 | _bCen Lib/Ret | ||
| 040 |
_aDPL _bEN _c0 |
||
| 082 |
_a371.3078 _bRAO |
||
| 100 |
_aRao, V. K _91596 |
||
| 245 |
_aInstructional technology / _cby V.K.Rao |
||
| 246 | _b | ||
| 260 |
_bA.P.H Publishing Corporation _c2005 _aNew Delhi |
||
| 270 |
_a5, Ansari Road, Daryaganj _bNew Delhi _e110002 |
||
| 300 |
_a276p. _c20cm(Hb) |
||
| 500 | _aIncludes bibliographical references and index | ||
| 650 |
_aEducational technology _98111 |
||
| 650 |
_aInstructional systems -- Design _942259 |
||
| 942 |
_2ddc _cEN _h371.3078 _mRAO |
||
| 999 |
_c134955 _d134955 |
||